000 00437nam a2200157Ia 4500
008 160316s1994 xxu||||| |||| 00| 0 eng d
082 _a370.000000
_bUNE
100 _a
245 _aEducation for all summit of nine high-population countries: Panel proceedings
250 _a
260 _aNew Delhi
_bUNESCO
_c1994
300 _a78
_b
_c
365 _b
650 _a1. Education for all 2. girls - womens - education
700 _a
_a
999 _c35697
_d35697